Title in the Lyrics Quiz: 60's Rock - Statistics

General Stats
  • This quiz has been taken 119 times
  • The average score is 8 of 18
Answer Stats
Answer % Correct
{Yesterday} all my troubles seemed so far away, Now it looks as though they're here to stay.
90%
Girl, {You} {Really} {Got} {Me} goin', You got me so I don't know what I'm doin'
74%
People try to put us down Talkin' 'bout {My} {Generation}
70%
How does it feel, To be without a home, Like a complete unknown, {Like} {a} {Rolling} {Stone}?
62%
Come on and take it, Take another little {Piece} {of} {My} {Heart} now, baby!
57%
People writing songs that voices never share, No one dared, Disturb {The} {Sound} {of} {Silence}
53%
Goodbye, {Ruby} {Tuesday}. Who could hang a name on you?
48%
And so it was that later, as the miller told his tale, that her face, at first just ghostly, turned {A} {Whiter} {Shade} {of} {Pale}
44%
In the misty morning fog with, Our hearts a-thumping, And you, my {Brown} {Eyed} {Girl}
39%
{Nights} {in} {White} {Satin}, Never reaching the end, Letters I've written, Never meaning to send.
39%
Spend your lives in sin and misery, In {the} {House} {of} {the} {Rising} {Sun}
38%
When the truth is found, To be lies, And all the joy, Within you dies, Don't you want {Somebody} {to} {Love}
37%
Come on now {Touch} {Me}, babe, Can't you see that I am not afraid?
29%
Up on {Cripple} {Creek} she sends me, If I spring a leak she mends me
29%
{Purple} {Haze} all in my brain, Lately things just don't seem the same
22%
{Communication} {breakdown}, It's always the same, I'm having a nervous breakdown, Drive me insane
21%
Oh, hello {Mr} {Soul}, I dropped by to pick up a reason
9%
Hello, {Cowgirl} {in} {the} {Sand}, Is this place at your command? Can I stay here for a while? Can I see your sweet, sweet smile?
6%
No matching quizzes found
Score Distribution
Percent of People with Each Score
Percentile by Number Answered
Your Score History
You have not taken this quiz